Europe's busiest airports - Statistics

General Stats
  • This quiz has been taken 890 times
  • The average score is 38 of 50
Answer Stats
Hint Answer % Correct
38,103,667 London - Gatwick
99%
73,405,330 London - Heathrow
99%
10,484,938 London - Luton
99%
19,941,593 London - Stansted
99%
63,813,756 Paris - Charles de Gaulle
98%
28,862,586 Paris - Orly
98%
41,833,374 Madrid
96%
38,506,908 Rome
96%
37,559,044 Barcelona
95%
20,688,016 Berlin
93%
18,851,238 Milan - Malpensa
93%
33,040,000 Moscow - Domedovo
93%
31,568,000 Moscow - Sheremetyevo
93%
12,733,000 Moscow - Vnukovo
93%
54,978,023 Amsterdam
91%
24,269,235 Oslo
91%
59,566,132 Frankfurt
90%
22,443,272 Stockholm
90%
21,712,173 Dublin
89%
18,142,245 Lisbon
89%
39,700,515 Munich
89%
15,134,529 Athens
88%
21,989,682 Manchester
86%
22,483,158 Vienna
86%
10,590,000 Warsaw
86%
25,627,093 Copenhagen
85%
15,948,760 Helsinki
85%
56,954,790 Istanbul - Atatürk
85%
23,631,883 Istanbul - Sabiha Gökçen
85%
25,477,622 Zurich
85%
21,933,190 Brussels
84%
9,155,161 Budapest
81%
11,149,926 Prague
80%
14,760,280 Hamburg
75%
14,264,732 Saint Petersburg
71%
15,152,927 Geneva
70%
9,705,955 Birmingham
68%
10,160,004 Edinburgh
67%
21,850,489 Dusseldorf
66%
11,660,208 Nice
65%
9,450,493 Cologne/ Bonn
55%
9,718,438 Stuttgart
47%
13,749,134 Malaga
46%
10,065,873 Alicante
31%
11,012,119 Ankara
29%
9,176,274 Tenerife
27%
23,115,499 Palma de Mallorca
23%
10,315,732 Las Palmas
19%
28,341,063 Antalya
18%
10,936,772 Izmir
18%
No matching quizzes found
Score Distribution
Percent of People with Each Score
Percentile by Number Answered
Your Score History
You have not taken this quiz